Statistiques concernant Les Jours féries en France [2017]

Cliquez ici pour prendre le quiz!

Statistiques générales

  • Ce quiz a été pris 30 fois
  • Le résultat moyen est 8 sur 11

Statistiques - réponses

DateRaison% Correct
1 JanvierJour de l'An
100%
1 MaiFête du Travail
96%
11 NovembreArmistice 1918
87%
8 MaiArmistice 1945
87%
14 JuilletFête Nationale
87%
25 DécembreNoël
87%
1 NovembreLa Toussaint
74%
17 AvrilLundi de Pâques
70%
15 AoûtAssomption
61%
5 JuinLundi de Pentecôte
48%
25 MaiJeudi de l'Ascention
17%

Distribution des résultats

Percentile par nombre de réponses

% des personnes avec chaque résultat

Votre développement - résultats

Vous n’avez pas pris ce quiz